000 00489nam a2200169 4500
003 LK-CoMWRAF
005 20240217003722.0
008 231210b |||||||| |||| 00| 0 eng d
020 _a9556250182
040 _aLK-CoMWRAF
_dLK-CoMWRAF
_eLK-CoMWRAF
041 _atam
082 _a305.4
_bINA
245 _aஇந உலகஙகளுக்கு இடையில்
260 _aColombo :
_bMuslim Women's Research and Action Forum - MWRAF,
_c2002
300 _a120 p.
942 _cBK
999 _c4330
_d4330